[Event "Floripa Chess Open 2024"]
[Site "Florianopolis"]
[Date "2024.01.24"]
[Round "6.74"]
[White "Silva, Jeferson"]
[Black "Fuxz, Diego"]
[Result "1-0"]
[WhiteElo "1957"]
[BlackElo "1749"]
[PlyCount "85"]
[EventDate "2024.01.20"]
[EventRounds "10"]
[EventCountry "BRA"]

1. d4 d5 2. c4 dxc4 3. Nf3 a6 4. a4 Nc6 5. e3 e5 6. Bxc4 e4 7. Nfd2 f5 8. O-O
Bd6 9. f4 $146 ({RR} 9. Bxg8 Rxg8 10. Qh5+ g6 11. Qxh7 Be6 12. f4 Nb4 13. Na3
Qf6 14. Qh3 Nd3 15. Nac4 Bb4 16. b3 Bc3 17. Ra2 Bxd4 18. exd4 Nb4 19. Rb2 O-O-O
20. Rb1 Qxd4+ 21. Qe3 Qd7 22. Ne5 Qd5 23. Ndc4 g5 {Soares,J (1983)-Fuxz,D  
(1749) Florianopolis BRA 2024 1-0 (47)}) 9... Nf6 10. Be2 Be6 11. Nc4 O-O 12.
Nc3 Be7 13. b3 Bb4 14. Na2 Be7 15. Ba3 Nd5 16. Bxe7 Qxe7 17. Qd2 Kh8 18. Nc3
Ncb4 19. Nxd5 Nxd5 20. Ne5 Rfd8 21. Rfc1 c6 22. Bc4 g5 23. g3 gxf4 24. gxf4 Nf6
25. Kh1 Bd5 26. Bxd5 Nxd5 27. Rg1 Rg8 28. Rg5 Rxg5 29. fxg5 Rf8 30. Rg1 Kg7 31.
g6 h6 32. Rf1 Qg5 33. Rf4 Nxf4 34. exf4 Qe7 35. d5 cxd5 36. Qd4 Rf6 37. Qc3 Qd6
38. Qc8 Qe7 39. Qc3 Qd8 40. Qd4 Kg8 41. b4 b5 42. Qa7 Rxg6 43. Qf7+ 1-0

[Event "Floripa Chess Open 2024"]
[Site "Florianopolis"]
[Date "2024.01.24"]
[Round "6.75"]
[White "Machado, Luiz Fernando"]
[Black "Bassani, Jaison Jose"]
[Result "1-0"]
[WhiteElo "1737"]
[BlackElo "1949"]
[PlyCount "19"]
[EventDate "2024.01.20"]
[EventRounds "10"]
[EventCountry "BRA"]

1. d4 d6 2. e4 Nf6 3. Nc3 g6 4. Be2 Bg7 5. f4 c5 6. dxc5 ({RR} 6. e5 Nfd7 7.
exd6 exd6 8. Nb5 O-O 9. Nxd6 Nc6 10. d5 Nd4 11. c3 Nxe2 12. Nxe2 Nb6 13. Nxc8
Qxc8 14. O-O Rd8 15. f5 Rxd5 16. Qc2 Qc6 17. fxg6 hxg6 18. Bf4 Re8 19. Ng3 c4
20. Qf2 Qc5 {Kazarian,A (2187)-Roebers,E (2419) Utrecht NED 2023 0-1 (50)})
6... Qa5 7. Qd3 Nxe4 $146 ({RR} 7... Qxc5 8. Be3 Qa5 9. Nf3 O-O 10. O-O Nbd7
11. Kh1 a6 12. Rad1 Qc7 13. Bd4 e5 14. Be3 Nc5 15. Qxd6 Qxd6 16. Rxd6 Ncxe4 17.
Nxe4 Nxe4 18. Rb6 exf4 19. Bxf4 Bf5 20. Rxb7 Nc5 {1/2-1/2 (20) Ivanchuk,V  
(2695)-Khalifman,A (2645) Tilburg 1994}) ({RR} 7... Qxc5 8. Be3 Qc7 9. Nb5 Qa5+
10. Bd2 Qb6 11. Be3 Qa5+ {1/2-1/2 (11) Semenova,L (2305)-Kolomiets,A Kiev 1998}
) 8. Qb5+ Nc6 9. Qxa5 Bxc3+ 10. Qxc3 1-0

[Event "Floripa Chess Open 2024"]
[Site "Florianopolis"]
[Date "2024.01.24"]
[Round "6.76"]
[White "Lutz, Igor Oscar"]
[Black "Silva, Juliana Figueira Th"]
[Result "1/2-1/2"]
[WhiteElo "1947"]
[BlackElo "1747"]
[PlyCount "132"]
[EventDate "2024.01.20"]
[EventRounds "10"]
[EventCountry "BRA"]

1. d4 Nf6 2. c4 g6 3. Nc3 Bg7 4. e4 d6 5. Be2 O-O 6. Be3 e5 7. d5 Na6 8. h4 h5
9. f3 Bd7 $146 ({RR} 9... Nc5 10. b4 Na6 11. a3 Qe7 12. g4 Bd7 13. Nh3 Rac8 14.
Nf2 Ra8 15. Nb5 b6 16. Qd2 Kh7 17. Bg5 Rg8 18. Rg1 Qe8 19. Nc3 Nb8 20. c5 a5
21. Rb1 Na6 22. cxd6 cxd6 23. Be3 axb4 24. axb4 {Jovanovski,T (1900)-Petrovski,
N (1242) Skopje MKD 2022 1-0 (39)}) ({RR} 9... c6 10. Qd2 cxd5 11. cxd5 Qe7 12.
Nh3 Bd7 13. a4 Nc5 14. Ra3 a5 15. Bxc5 dxc5 16. d6 Qd8 17. Ng5 Qb6 18. Bc4 Qb4
19. Qe2 Qb6 20. Rb3 Qxd6 21. Rxb7 Qc6 22. Rb3 Bh6 23. O-O Rad8 24. Rd1 {
Stockfish dev-20230308-39da50 (3607)-LCZero 0.30-dag-8092b376-BT2- (3573)
tcec-chess.com INT 2023 1-0 (79)}) ({RR} 9... c6 10. Qd3 cxd5 11. cxd5 Nc5 12.
Qd2 a5 13. Bh6 a4 14. g4 hxg4 15. h5 gxf3 16. Bxf3 Ng4 17. Bxg7 Kxg7 18. hxg6
Rh8 19. O-O-O Rxh1 20. Bxh1 fxg6 21. Nh3 a3 22. b4 Na4 23. Rg1 Qb6 24. Bf3 {
Nilsen,T (2169)-Mueller,M (2124) chess.com INT 2021 0-1 (39)}) 10. g4 Qc8 11.
g5 Ne8 12. Qd2 c6 13. Rc1 Kh7 14. a3 Nac7 15. b4 Qd8 16. Nh3 Bxh3 17. Rxh3 f5
18. gxf6 Bxf6 19. Bg5 Bxg5 20. hxg5 Rf4 21. Rg3 Rh4 22. Bf1 Qd7 23. Qf2 Rf4 24.
Bh3 Qe7 25. Ne2 Rf7 26. Rg1 Ng7 27. Qe3 Raf8 28. Bg2 a6 29. Kd2 Qd7 30. Rh1 Rb8
31. Bh3 Qe8 32. Ng3 Kg8 33. Bg2 b5 34. cxb5 cxd5 35. exd5 Nxd5 36. Qe4 Nf4 37.
Bf1 axb5 38. Qc6 Nfe6 39. Ne4 Qxc6 40. Rxc6 Ne8 41. Nf6+ Nxf6 42. gxf6 Rxf6 43.
Rxd6 Kg7 44. Bd3 Nd4 45. Rd7+ Rf7 46. Rxf7+ Kxf7 47. Ke3 Kf6 48. f4 Nf5+ 49.
Kf3 exf4 50. Kxf4 g5+ 51. Kf3 Nh4+ 52. Kg3 Ke5 53. Rf1 Kd4 54. Be2 Ke4 55. Bxh5
Nf5+ 56. Kf2 Rf8 57. Bg6 Rf6 58. Re1+ Kf4 59. Be8 Nd4 60. Rc1 Ke4+ 61. Kg2 Kf4
62. Rf1+ Ke5 63. Rxf6 Kxf6 64. Kg3 Nf5+ 65. Kg4 Ne3+ 66. Kg3 Nc2 1/2-1/2

[Event "Floripa Chess Open 2024"]
[Site "Florianopolis"]
[Date "2024.01.24"]
[Round "6.77"]
[White "Kim, Thiago"]
[Black "Lunelli, Neuri Antonio"]
[Result "1-0"]
[WhiteElo "1944"]
[BlackElo "1744"]
[PlyCount "113"]
[EventDate "2024.01.20"]
[EventRounds "10"]
[EventCountry "BRA"]

1. e4 c6 2. d4 d5 3. e5 Bf5 4. h4 h6 5. g4 Bd7 6. Be3 Qb6 ({RR} 6... e6 7. Nc3
h5 8. gxh5 Nh6 9. Bh3 c5 10. dxc5 Bc6 11. Qd4 Nd7 12. b4 b6 13. cxb6 Nxb6 14.
Bg5 Qc7 15. Nf3 Nc4 16. a3 a5 17. O-O axb4 18. axb4 Bxb4 19. Nb5 Qd7 20. c3 Be7
21. Nd6+ {Morozevich,A (2770)-Bologan,V (2732) Astana 2012 1-0 (33)}) 7. b3 ({
RR} 7. Nd2 e6 8. Nb3 h5 9. gxh5 Nh6 10. Bh3 Na6 11. Nf3 c5 12. dxc5 Nxc5 13.
Rg1 Qb4+ 14. c3 Qe4 15. Nxc5 Bxc5 16. Qe2 Bxe3 17. fxe3 Qa4 18. Rxg7 O-O-O 19.
Nd4 Kb8 20. a3 Rc8 21. Kd2 Qa5 {Fier,A (2549)-Molina,R (2381) Florianopolis
BRA 2024 1-0}) 7... e6 $146 ({RR} 7... a5 8. c4 a4 9. c5 Qb4+ 10. Nd2 axb3 11.
axb3 Rxa1 12. Qxa1 b6 13. e6 fxe6 14. Qa8 bxc5 15. Bf4 cxd4 16. Bxb8 Kf7 17.
Ngf3 Nf6 18. Bf4 g6 19. Ne5+ Kg7 20. Bd3 Be8 21. g5 hxg5 22. Bxg5 {Kovacs,Z  
(2076)-Demjen,A (2021) Hungary 2012 1-0 (45)}) 8. Ne2 c5 9. h5 Nc6 10. c3 Rc8
11. Bg2 cxd4 12. cxd4 Bb4+ 13. Nd2 Ba3 14. O-O Nb4 15. Nf3 Ne7 16. Ne1 Bb5 17.
Qd2 Qa6 18. Nc3 Bxf1 19. Bxf1 Qa5 20. Nb5 Kf8 21. Nd6 Rc7 22. Nb5 Rc8 23. Nd6
Rc7 24. f4 a6 25. f5 exf5 26. gxf5 Nc8 27. f6 gxf6 28. Bxh6+ Ke7 29. Nf5+ Kd8
30. Bg7 Rxh5 31. Bxf6+ Ne7 32. Nxe7 Rxe7 33. Be2 Rf5 34. Bxe7+ Kxe7 35. Bg4 Bb2
36. Rd1 Bxd4+ 37. Qxd4 Rg5 38. Nf3 Rg6 39. Nh4 Rg8 40. Nf5+ Kf8 41. Ne3 Rg6 42.
a4 Qb6 43. Kf2 a5 44. Bf3 Qe6 45. Nxd5 Qh3 46. Nf4 Qg3+ 47. Ke2 Rh6 48. Rg1
Rh2+ 49. Rg2 Qh4 50. Qd6+ Ke8 51. Qb8+ Ke7 52. Qxb7+ Ke8 53. Qc8+ Ke7 54. Qc7+
Ke8 55. Bc6+ Nxc6 56. Qxc6+ Ke7 57. Nd5+ 1-0

[Event "Floripa Chess Open 2024"]
[Site "Florianopolis"]
[Date "2024.01.24"]
[Round "6.78"]
[White "Marcolino, Antonio Claudio H."]
[Black "Moreira, Iloyziel Joao Da Si"]
[Result "1-0"]
[WhiteElo "1925"]
[BlackElo "1737"]
[PlyCount "97"]
[EventDate "2024.01.20"]
[EventRounds "10"]
[EventCountry "BRA"]

1. d4 d5 2. c4 e6 3. Nc3 Nf6 4. Bg5 Nbd7 5. cxd5 exd5 6. e3 c6 7. Bd3 Qa5 8.
Nge2 Be7 9. O-O O-O 10. Qc2 h6 11. Bh4 Re8 12. a3 ({RR} 12. Rac1 Qd8 13. Bg3 a6
14. f3 Nb6 15. a4 Bd6 16. Bxd6 Qxd6 17. a5 Nbd7 18. Ng3 Qc7 19. b4 Rxe3 20. Nf5
Re8 21. Rfe1 Re6 22. Rcd1 b6 23. Ne7+ Kf8 24. Ncxd5 Nxd5 25. Nxd5 Qd6 26. Rxe6
fxe6 {Bhuta,H (1315)-Gothi,S (1172) Mumbai 2016 1-0 (38)}) 12... Qd8 13. Rad1
$146 ({RR} 13. b4 Ne4 14. Bxe7 Qxe7 15. b5 Ndf6 16. bxc6 bxc6 17. Ng3 Nxg3 18.
hxg3 Bd7 19. Na4 g6 20. Nc5 Bg4 21. Rab1 Rab8 22. Rxb8 Rxb8 23. Rb1 Rb6 24. Rb4
Kg7 25. Qb2 Qd8 26. Na4 Rxb4 27. Qxb4 Nd7 {Slinger,T (1963)-Levens,D (1969)
England 2014 1-0 (43)}) 13... Nf8 14. b4 Bg4 15. h3 Bh5 16. Rb1 Bg6 17. Bxf6
gxf6 18. Nf4 Bxd3 19. Qxd3 Qd7 20. Nce2 Nh7 21. Ng3 Bf8 22. Nfh5 Qe6 23. Rbe1
Ng5 24. f3 Nh7 25. Nf4 Qd7 26. Ngh5 Qc8 27. Rc1 Rd8 28. b5 Rd6 29. Ng3 Qe8 30.
Nf5 Rdd8 31. bxc6 bxc6 32. Rfe1 Qd7 33. Nh5 Re8 34. e4 Rad8 35. Qe3 Kh8 36.
Nxh6 dxe4 37. fxe4 Bxh6 38. Qxh6 Qxd4+ 39. Kh1 Rg8 40. Nf4 Qf2 41. Rf1 Qb2 42.
Rxc6 Qd2 43. Rxf6 Qd4 44. e5 Qxe5 45. Rxf7 Qe4 46. Rf6 Rd2 47. Ng6+ Rxg6 48.
Rxg6 Qe7 49. Qxd2 1-0

[Event "Floripa Chess Open 2024"]
[Site "Florianopolis"]
[Date "2024.01.24"]
[Round "6.79"]
[White "Constantino, Pedro Henrique"]
[Black "Pedroso, Denian"]
[Result "0-1"]
[WhiteElo "1728"]
[BlackElo "1924"]
[PlyCount "152"]
[EventDate "2024.01.20"]
[EventRounds "10"]
[EventCountry "BRA"]

1. e4 c5 2. Nf3 Nc6 3. Nc3 e6 4. Bb5 Nge7 5. O-O a6 6. Bxc6 Nxc6 7. d4 cxd4 8.
Nxd4 Be7 9. Nxc6 bxc6 10. e5 f6 ({RR} 10... O-O 11. Ne4 c5 12. Bf4 Bb7 13. Qe2
Bc6 14. c4 f5 15. exf6 gxf6 16. Nd6 Kh8 17. Rad1 Bxd6 18. Bxd6 Rg8 19. f3 Qa5
20. b3 Rg6 21. Rf2 Rag8 22. Qe3 Rg5 23. Be7 Rf5 24. g4 Qc7 25. Kf1 {Efimenko,Z
(2648)-Swiercz,D (2608) Lublin 2014 1/2-1/2 (49)}) 11. Qg4 O-O 12. Bh6 $146 ({
RR} 12. Bf4 Kh8 13. Rad1 f5 14. Qh5 g6 15. Qh6 g5 16. Bc1 Rg8 17. Rd3 Rg6 18.
Qh5 Qg8 19. Na4 Rb8 20. Be3 Rb5 21. c4 Rxe5 22. Bd4 Bf6 23. Bxe5 Bxe5 24. Qe2
Bc7 25. c5 e5 26. Nb6 e4 {Alonso Gimenez,M (1933)-Hernando Rodrigo,J (2200)
Platja d'Aro ESP 2023 0-1 (63)}) ({RR} 12. Bf4 Bb7 13. Rad1 c5 14. Rd3 f5 15.
Qh5 Rf7 16. Rfd1 Bc6 17. Rg3 g6 18. Qe2 Qb6 19. b3 a5 20. Na4 Qb4 21. Bd2 Qb7
22. c4 Bh4 23. Nxc5 Qb6 24. Be3 Qc7 25. Rh3 Be7 26. Nd3 Bf8 {Csonka,B (2496)
-Omelja,A (2437) chess.com INT 2023 1-0 (46)}) 12... Rf7 13. exf6 Bxf6 14. Ne4
d5 15. Nxf6+ Qxf6 16. Bc1 e5 17. Qg3 a5 18. b3 e4 19. Rb1 Ba6 20. Bb2 d4 21. c4
c5 22. Rbe1 Bb7 23. Ba3 Rc8 24. h3 Re7 25. Bc1 Re5 26. Re2 Rf5 27. Bd2 e3 28.
Bxe3 dxe3 29. Qxe3 Rg5 30. f4 Rg6 31. Rd1 Qc6 32. Rdd2 Rd6 33. Rc2 Rd1+ 34. Kh2
Qd6 35. Qg3 Rf8 36. Re5 Qd4 37. Rf2 Rd3 38. Qh4 Rd2 39. Rxd2 Qxd2 40. Qg3 Qd6
41. Qg5 h6 42. Qg3 Qc6 43. Re7 Rf7 44. Re2 Rf5 45. Qg4 Qf6 46. Rf2 Kh7 47. h4
Qg6 48. Qxg6+ Kxg6 49. g4 Rf7 50. f5+ Kf6 51. Kg3 Rd7 52. Re2 Rd3+ 53. Kh2 a4
54. bxa4 Rd4 55. Re6+ Kf7 56. Rb6 Bf3 57. g5 hxg5 58. hxg5 Rxc4 59. Kg3 Be4 60.
Kf4 Bg2+ 61. Ke5 Rd4 62. Ra6 Rd5+ 63. Kf4 Rd7 64. Ra5 Rc7 65. g6+ Ke7 66. Ra6
c4 67. Re6+ Kd7 68. Re2 c3 69. Rc2 Ke7 70. Ke5 Bf1 71. f6+ gxf6+ 72. Kd4 Rc4+
73. Kd5 Bd3 74. Rc1 c2 75. a5 Ra4 76. Rg1 Bxg6 0-1

[Event "Floripa Chess Open 2024"]
[Site "Florianopolis"]
[Date "2024.01.24"]
[Round "6.81"]
[White "Szuba, Joao Gabriel Muniz"]
[Black "Rekik, Ismail"]
[Result "0-1"]
[WhiteElo "1709"]
[BlackElo "1919"]
[PlyCount "71"]
[EventDate "2024.01.20"]
[EventRounds "10"]
[EventCountry "BRA"]

1. d4 Nf6 2. c4 e6 3. g3 Nc6 4. Bg2 d5 5. Nf3 g6 6. O-O ({RR} 6. Ne5 Bg7 7. Nc3
Ne7 8. O-O O-O 9. b3 Nd7 10. Nxd7 Qxd7 11. Ba3 c6 12. Qd3 Rd8 13. Rfd1 Nf5 14.
e3 b6 15. Rac1 Ba6 16. Bf1 Rac8 17. Qc2 Qb7 18. Bd3 c5 19. dxc5 bxc5 20. cxd5
Bxd3 {Muhtarov,L (1990)-Vorobyova,N (1027) Yalta UKR 2023 1-0 (34)}) 6... Bg7
7. b3 O-O 8. Bb2 b6 $146 ({RR} 8... a5 9. Nbd2 Ne8 10. e4 dxe4 11. Nxe4 f6 12.
Re1 e5 13. dxe5 Qxd1 14. Raxd1 fxe5 15. h3 Bxh3 16. Bxh3 Rxf3 17. Ng5 Rf8 18.
Be6+ Kh8 19. Nf7+ Kg8 20. Nxe5+ Kh8 21. Nf7+ Kg8 22. Bxg7 Kxg7 23. Ng5 {
Araujo,C-Loska,C Americana 2001 1-0 (70)}) ({RR} 8... Ne7 9. Nbd2 Ne4 10. Qc2
f5 11. Rac1 c6 12. Rcd1 Bh6 13. Bc1 Nd6 14. Ne5 Bg7 15. c5 Ne4 16. f3 Nf6 17.
b4 a5 18. a3 b6 19. Nb1 axb4 20. axb4 Ba6 21. Nc3 bxc5 22. bxc5 Nd7 23. f4 {
Voltolini,G (2150)-Praggnanandhaa,R (2529) Ortisei ITA 2018 0-1 (52)}) 9. Nbd2
Bb7 10. cxd5 exd5 11. Rc1 Ne4 12. Qc2 Nxd2 13. Qxd2 Re8 14. Rc2 Ne7 15. Rfc1 c6
16. Ne5 f6 17. Nd3 Nf5 18. Nb4 Bh6 19. f4 Ne3 20. Rc3 Nxg2 21. Kxg2 Qe7 22.
R3c2 g5 23. Kf2 gxf4 24. gxf4 Qe4 25. e3 Kh8 26. Qd3 Qe6 27. Nxc6 Qh3 28. Ne5
fxe5 29. dxe5 Qxh2+ 30. Ke1 Qg1+ 31. Ke2 Qg4+ 32. Kf2 d4 33. Bxd4 Qf3+ 34. Ke1
Bxf4 35. e6+ Kg8 36. Rf2 0-1

[Event "Floripa Chess Open 2024"]
[Site "Florianopolis"]
[Date "2024.01.24"]
[Round "6.82"]
[White "De Haro, Martim Afonso Palma"]
[Black "Boeck, Moacir Luis"]
[Result "0-1"]
[WhiteElo "1704"]
[BlackElo "1900"]
[PlyCount "86"]
[EventDate "2024.01.20"]
[EventRounds "10"]
[EventCountry "BRA"]

1. d4 Nf6 2. Nf3 d5 3. g3 Bf5 4. Bg2 e6 5. O-O Be7 6. c4 c6 7. Nc3 h6 8. b3 O-O
9. Bb2 Nbd7 10. Nd2 Bh7 ({RR} 10... Rc8 11. Rc1 Re8 12. Re1 Bb4 13. a3 Bxc3 14.
Bxc3 Ne4 15. Bb2 Qg5 16. e3 Nxd2 17. Qxd2 Qh5 18. f3 Bh3 19. Bh1 f5 20. Qb4 Rb8
21. a4 Nf6 22. Qa5 a6 23. Ba3 Rbd8 24. Bc5 Rd7 25. Qb4 {Hamdouchi,H (2570)
-Belkhodja,S (2505) Casablanca 2002 1-0 (61)}) 11. f3 $146 ({RR} 11. e4 dxe4
12. Ncxe4 Qc7 13. Nxf6+ Nxf6 14. Qe2 Rad8 15. Rfe1 Rfe8 16. a3 a5 17. Bc3 Bf8
18. Qe5 Bd6 19. Qxa5 Qd7 20. Bb2 Bc7 21. Qb4 Bb8 22. Ne4 Bxe4 23. Bxe4 Ba7 24.
c5 Bb8 25. Bf3 Nh7 {Goczo,M (2206)-Bluhm,S (1818) Germany 2011 1-0 (45)}) ({RR
} 11. e4 Nb6 12. e5 Ne8 13. c5 Nd7 14. f4 b6 15. b4 Qb8 16. Qc1 Nc7 17. Bh3 Qb7
18. f5 exf5 19. Bxf5 Bxf5 20. Rxf5 Ne6 21. Ne2 a5 22. a3 Rfb8 23. Bc3 Qa6 24.
Nf4 Nxf4 25. Rxf4 Bg5 {Alinasab,M (2321)-Pakleza,Z (2496) chess.com INT 2023
0-1 (54)}) ({RR} 11. e4 dxe4 12. Ndxe4 Nxe4 13. Nxe4 Nf6 14. Nc3 Qa5 15. Qe2
Rfe8 16. Rad1 Rad8 17. a3 Qf5 18. Rd2 h5 19. h3 h4 20. Qe3 Bd6 21. b4 a5 22. b5
e5 23. d5 c5 24. g4 Qf4 25. Qxf4 exf4 {Bjork,C (2473)-Eriksson,J (2377) Sweden
2004 1/2-1/2 (50)}) 11... e5 12. dxe5 Nxe5 13. Nxd5 Nxd5 14. cxd5 Qxd5 15. Bxe5
Qxe5 16. Nc4 Qc5+ 17. Kh1 Rad8 18. Qe1 Rfe8 19. f4 Bf6 20. Rc1 Qd4 21. e3 Qd3
22. Rf2 b5 23. Rd2 bxc4 24. Rxd3 cxd3 25. Qd2 Be4 26. Bxe4 Rxe4 27. Kg2 Be7 28.
Kf3 Bb4 29. Qd1 Re6 30. Rc4 c5 31. e4 Ra6 32. a4 Rad6 33. e5 Rd5 34. Re4 Rd4
35. Re3 d2 36. f5 Rd3 37. Rxd3 Rxd3+ 38. Ke4 Rd4+ 39. Ke3 a5 40. e6 fxe6 41.
Qh5 exf5 42. Qe8+ Kh7 43. Qf7 Rd8 0-1

[Event "Floripa Chess Open 2024"]
[Site "Florianopolis"]
[Date "2024.01.24"]
[Round "6.83"]
[White "Cordioli, Jairo Ribeiro"]
[Black "Ferreira, Gabriel Duque"]
[Result "1/2-1/2"]
[WhiteElo "1703"]
[BlackElo "1891"]
[PlyCount "74"]
[EventDate "2024.01.20"]
[EventRounds "10"]
[EventCountry "BRA"]

1. d4 Nf6 2. c4 g6 3. Nc3 Bg7 4. e4 O-O 5. Nf3 c5 6. Be3 cxd4 7. Nxd4 Nc6 8.
Be2 d6 9. O-O Bd7 10. f3 a5 11. Rc1 Nxd4 12. Bxd4 Bc6 13. Qd2 Nd7 14. Bxg7 Kxg7
15. f4 ({RR} 15. Qd4+ Kg8 16. f4 Qb6 17. Qxb6 Nxb6 18. Nd5 Bxd5 19. cxd5 Rfc8
20. b3 Kf8 21. Kf2 a4 22. b4 a3 23. Ke3 e6 24. dxe6 fxe6 25. Bb5 Ke7 26. Kd4
Nd7 27. g3 e5+ 28. Ke3 Nf6 29. Be2 h6 {Campora,D (2550)-Larsen,B (2540) Buenos
Aires 1993 1-0 (57)}) ({RR} 15. b3 Nc5 16. Rfd1 Qb6 17. Kh1 Kg8 18. Qd4 Nd7 19.
Qd2 Nc5 20. Rb1 Rfd8 21. Bf1 Qc7 22. h4 Ne6 23. Rdc1 Qb6 24. Rd1 Rac8 25. h5
Qc5 26. Nd5 Bxd5 27. cxd5 Nf8 28. Rdc1 Qb6 29. h6 Nd7 {Parkhov,Y (2505)-Itkis,
B (2329) chess.com INT 2023 1/2-1/2 (71)}) 15... Qb6+ 16. Kh1 a4 17. Bf3 $146 (
{RR} 17. Rf3 Ra5 18. Re1 Rfa8 19. Rh3 Nf6 20. Bf3 Qd8 21. Qe3 e5 22. f5 Kh8 23.
Rf1 Qe7 24. g4 Rg8 25. g5 Nd7 26. Bg4 gxf5 27. Rxh7+ {1-0 (27) Frolov,A (2495)
-Honfi,K (2070) Kobanya 1992}) ({RR} 17. Bg4 Nf6 18. Bf3 Nd7 19. Qe2 Qd4 20.
Rcd1 Qc5 21. Nd5 e6 22. b4 axb3 23. Qb2+ f6 24. Nc7 Kf7 25. Nxa8 Rxa8 26. axb3
Ke7 27. Qd2 Ra3 28. b4 Qxc4 29. Qxd6+ Kf7 30. b5 Rxf3 31. Rxf3 Bxb5 {Aliaga
Fernandez,I (2179)-Ruiz Castillo,J (2391) Bogota 2013 1-0 (34)}) 17... Ra5 18.
Rcd1 Rc5 19. e5 Rxc4 20. Bxc6 Qxc6 21. a3 Nc5 22. exd6 exd6 23. Qxd6 Qxd6 24.
Rxd6 Ne4 25. Nxe4 Rxe4 26. Rb6 Rc8 27. Rxb7 Rxf4 28. Kg1 Rxf1+ 29. Kxf1 Rc2 30.
h3 h5 31. h4 Kf6 32. Rb4 Ke5 33. Kg1 Kd5 34. Rxa4 Rxb2 35. Kh2 Rb3 36. Ra7 Ke6
37. a4 Ra3 1/2-1/2

[Event "Floripa Chess Open 2024"]
[Site "Florianopolis"]
[Date "2024.01.24"]
[Round "6.84"]
[White "Bezerra, Fabiano De Oliveira"]
[Black "Dias, Clara"]
[Result "0-1"]
[WhiteElo "1890"]
[BlackElo "1717"]
[PlyCount "114"]
[EventDate "2024.01.20"]
[EventRounds "10"]
[EventCountry "BRA"]

1. e4 c5 2. Nc3 Nc6 3. g3 g6 4. Bg2 Bg7 5. d3 d6 6. Be3 e6 7. Qd2 Rb8 8. Nf3
Nd4 9. Bxd4 cxd4 10. Nb5 Qb6 11. Qb4 Kd7 12. Qa4 Ke7 13. Qb3 Bd7 14. Na3 Qa5+
15. Ke2 Qc5 $146 ({RR} 15... b5 16. Rhc1 Nh6 17. Nb1 Rhc8 18. a3 Rc7 19. Qb4
Qxb4 20. axb4 Rbc8 21. Na3 f5 22. Nd2 Ng4 23. h3 Nf6 24. Nb3 e5 25. Rf1 fxe4
26. dxe4 a6 27. Rfd1 Be6 28. Na5 Nd7 29. b3 Nf6 30. Rd3 {Haenisch,U-Bielinski,
D (2251) Germany 2002 0-1 (39)}) 16. Qc4 b5 17. Qxc5 dxc5 18. Nd2 f5 19. Rae1
Kd6 20. f4 e5 21. fxe5+ Bxe5 22. Rhf1 Nf6 23. Nf3 Ng4 24. Nxe5 Kxe5 25. exf5
Bxf5 26. Kd2+ Kd6 27. h4 Ne3 28. Rf2 Rhc8 29. c3 b4 30. cxb4 cxb4 31. Nc4+
Nxc4+ 32. dxc4 Rxc4 33. Be4 Bxe4 34. Rxe4 b3 35. a3 Rc2+ 36. Ke1 Rxf2 37. Kxf2
Kd5 38. Re7 a6 39. Ke2 h5 40. Kd3 Rf8 41. Rd7+ Kc5 42. Rc7+ Kb6 43. Rg7 Rf3+
44. Kxd4 Rxg3 45. Kc4 a5 46. a4 Rg4+ 47. Kxb3 Kc5 48. Ra7 Rg3+ 49. Ka2 Kb4 50.
Rb7+ Kc4 51. Rb5 Rg4 52. Rxa5 Rxh4 53. Ra8 Kb4 54. a5 Kb5 55. a6 Ra4+ 56. Kb3
Rxa6 57. Kc3 Rxa8 0-1

[Event "Floripa Chess Open 2024"]
[Site "Florianopolis"]
[Date "2024.01.24"]
[Round "6.85"]
[White "Cruz, Natan Gomes"]
[Black "Rodrigues, Natanael Isau"]
[Result "1-0"]
[WhiteElo "1888"]
[BlackElo "1704"]
[PlyCount "47"]
[EventDate "2024.01.20"]
[EventRounds "10"]
[EventCountry "BRA"]

1. e4 c5 2. Nf3 g6 3. d4 cxd4 4. Nxd4 Bg7 5. Be3 Nc6 6. Nc3 Nf6 7. f3 O-O 8. g4
Nxd4 9. Bxd4 d6 10. Qd2 Nd7 11. Bxg7 Kxg7 12. h4 Ne5 ({RR} 12... Qa5 13. O-O-O
h6 14. a3 Ne5 15. Be2 Bd7 16. Rdg1 Qc5 17. f4 Nc6 18. Bd3 Rac8 19. Kb1 Nd4 20.
Rg3 b5 21. Nd5 Be6 22. Nxe7 Rc7 23. Nf5+ Nxf5 24. gxf5 Bc4 25. h5 Rfc8 26. hxg6
f6 27. Rgh3 {Robledo Sanchez,S (2000)-Al-qudaimi abdullah (1494) Jeddah KSA
2024 1-0 (35)}) 13. Be2 h6 $146 ({RR} 13... f6 14. O-O-O Be6 15. Rhg1 Qd7 16.
Kb1 Rac8 17. Rg3 Bc4 18. f4 Bxe2 19. Qxe2 Nc4 20. b3 Nb6 21. h5 Rg8 22. e5 fxe5
23. fxe5 Qe6 24. Nb5 Nd5 25. Qe4 Nc7 26. Nxa7 d5 27. Qd4 Ra8 28. hxg6 {
Postypalskiy,M (2323)-Kurilin,A (2235) Tula 2015 1-0 (44)}) 14. O-O-O Be6 15.
Rhg1 Qb6 16. f4 Nc4 17. Bxc4 Bxc4 18. b3 Be6 19. f5 Bd7 20. Nd5 Qd8 21. g5 h5
22. Nxe7 Re8 23. Qxd6 Qa5 24. Qf6+ 1-0

[Event "Floripa Chess Open 2024"]
[Site "Florianopolis"]
[Date "2024.01.24"]
[Round "6.86"]
[White "Frattini, Beatriz Maria"]
[Black "Ramazzotte, Maicon Zilli"]
[Result "1-0"]
[WhiteElo "1873"]
[BlackElo "1682"]
[PlyCount "125"]
[EventDate "2024.01.20"]
[EventRounds "10"]
[EventCountry "BRA"]

1. e4 c5 2. Nf3 e6 3. d4 cxd4 4. Nxd4 a6 5. c4 Qc7 6. Nc3 Nf6 7. Bd3 d6 8. O-O
Nbd7 9. f4 h5 10. Kh1 b6 11. Qe2 Bb7 12. Bd2 Be7 13. Rae1 h4 14. f5 e5 $146 ({
RR} 14... Nf8 15. fxe6 fxe6 16. Nd5 exd5 17. exd5 Kf7 18. Ne6 Nxe6 19. Qxe6+
Ke8 20. Rxf6 gxf6 21. Qxf6 Rf8 22. Qg7 Kd8 23. Bg5 Re8 24. Rxe7 Qxe7 25. Bxe7+
Rxe7 26. Qf8+ Kd7 27. Bf5+ {1-0 (27) Lamoureux,C (2360)-Meijers,V (2485)
Reykjavik 2007}) 15. Nc2 Rc8 16. Ne3 Nc5 17. Ned5 Nxd5 18. Nxd5 Bxd5 19. cxd5
Qb7 20. Rc1 O-O 21. Bb1 Bf6 22. Qg4 b5 23. Bh6 Nd7 24. Rce1 Kh8 25. Bg5 Rfd8
26. Qxh4+ Kg8 27. Bxf6 Nxf6 28. g4 Rc4 29. Rf3 Kf8 30. g5 Ng8 31. Qh8 f6 32.
gxf6 Qf7 33. fxg7+ Qxg7 34. Qxg7+ Kxg7 35. Rg1+ Kf8 36. Rh3 Rd7 37. Bd3 Rcc7
38. Rg6 Rg7 39. Rhg3 Rxg6 40. Rxg6 Rd7 41. Kg2 Kf7 42. Kf3 Nf6 43. Ke3 Rd8 44.
Bf1 Rc8 45. Kd3 Rh8 46. h3 Rh4 47. Bg2 Nh5 48. Ke3 Nf4 49. Rg3 Rh8 50. Bf1 Rc8
51. Kd2 Kf6 52. Ra3 Rg8 53. Rxa6 Rg1 54. Bxb5 Rg2+ 55. Kc3 Rg3+ 56. Kb4 Re3 57.
Rxd6+ Ke7 58. Rh6 Rxe4+ 59. Kc5 Rd4 60. d6+ Kf7 61. d7 Rd5+ 62. Kc6 e4 63. Bc4
1-0

[Event "Floripa Chess Open 2024"]
[Site "Florianopolis"]
[Date "2024.01.24"]
[Round "6.87"]
[White "De Souza, Joao Francisco Biz"]
[Black "Hataby, Raed"]
[Result "1-0"]
[WhiteElo "1523"]
[BlackElo "1888"]
[PlyCount "83"]
[EventDate "2024.01.20"]
[EventRounds "10"]
[EventCountry "BRA"]

1. d4 {Bulletin} d6 2. c4 g6 3. Nc3 Bg7 4. e4 Nf6 5. h3 c6 6. Be3 Qa5 ({RR} 
6... a6 7. Nf3 b5 8. Qc2 O-O 9. Bd3 Nbd7 10. O-O Bb7 11. b3 e5 12. dxe5 dxe5
13. Rfd1 Qe7 14. Ne2 Nh5 15. cxb5 axb5 16. a4 Nf4 17. axb5 Rxa1 18. Rxa1 Nxd3
19. Qxd3 cxb5 20. Ra7 Bc6 21. Nc3 {Sarana,A (2630)-Zhao Jun (2610) chess.com
INT 2019 1/2-1/2 (83)}) ({RR} 6... a6 7. a4 a5 8. Bd3 Na6 9. Rc1 Nb4 10. Bb1
O-O 11. Nge2 e5 12. O-O Re8 13. Qd2 exd4 14. Nxd4 Qe7 15. Rce1 Bd7 16. f4 Rad8
17. f5 Qe5 18. Nf3 Qe7 19. Bg5 d5 20. e5 Qc5+ 21. Be3 {Salem,A (2677)
-Danielyan,V (2307) chess.com INT 2023 1-0 (31)}) 7. Qd2 a6 $146 ({RR} 7...
Nbd7 8. Bd3 O-O 9. Nf3 a6 10. a3 b5 11. b4 Qd8 12. O-O bxc4 13. Bxc4 Bb7 14. e5
dxe5 15. dxe5 Nd5 16. Nxd5 cxd5 17. Bxd5 Bxd5 18. Qxd5 Nxe5 19. Rad1 Qxd5 20.
Rxd5 Nxf3+ 21. gxf3 e6 22. Rd7 {Gaertner,G (2310)-Sucher,J (2100) Austria 1994
EXT 1999 [Bulletin] 1-0 (47)}) ({RR} 7... Nbd7 8. Nf3 a6 9. a3 Qc7 10. Bd3 h6
11. Rc1 g5 12. b4 g4 13. hxg4 Nxg4 14. Bf4 e5 15. dxe5 Ndxe5 16. Nxe5 Bxe5 17.
Bxe5 Nxe5 18. Be2 Be6 19. Rxh6 O-O-O 20. Nd5 Rxh6 21. Qxh6 Qb8 22. f4 {
Timergazi,L (1889)-Stoeveken,P (1910) Wellington 2013 1-0}) 8. Nb1 Qc7 9. Nc3
Nbd7 10. f4 e5 11. Nf3 Nh5 12. fxe5 dxe5 13. O-O-O Ng3 14. Rg1 Nxf1 15. Rgxf1
O-O 16. Bh6 exd4 17. Bxg7 Kxg7 18. Qxd4+ Kg8 19. e5 f5 20. e6 Nf6 21. Rfe1 Qe7
22. Qd6 Re8 23. Qxe7 Rxe7 24. Rd8+ Ne8 25. Na4 b5 26. Nb6 Rb8 27. Nxc8 Kf8 28.
Nxe7 Rxd8 29. Nxg6+ Kg7 30. Nge5 Kf6 31. cxb5 cxb5 32. Kb1 Rd5 33. e7 Kxe7 34.
Nc6+ Kf8 35. Ne7 Rc5 36. Nd4 Kf7 37. Nexf5 Nf6 38. Re7+ Kg8 39. Nh6+ Kh8 40.
Ndf5 Rc8 41. Ra7 a5 42. Nf7+ 1-0